MARC details
| 000 -LEADER |
| fixed length control field |
03398nam a2200433Ka 4500 |
| 001 - CONTROL NUMBER |
| control field |
bslw06311828 |
| 003 - CONTROL NUMBER IDENTIFIER |
| control field |
UtOrBLW |
| 005 - DATE AND TIME OF LATEST TRANSACTION |
| control field |
20210303085304.0 |
| 006 - FIXED-LENGTH DATA ELEMENTS--ADDITIONAL MATERIAL CHARACTERISTICS |
| fixed length control field |
m d |
| 007 - PHYSICAL DESCRIPTION FIXED FIELD--GENERAL INFORMATION |
| fixed length control field |
cr un||||||||| |
| 008 - FIXED-LENGTH DATA ELEMENTS--GENERAL INFORMATION |
| fixed length control field |
101115s2008 enk o 000 0 eng d |
| 020 ## - INTERNATIONAL STANDARD BOOK NUMBER |
| International Standard Book Number |
9781848551978 (electronic bk.) : |
| Terms of availability |
£69.95 ; €105.95 ; $134.95 |
| 040 ## - CATALOGING SOURCE |
| Original cataloging agency |
UtOrBLW |
| Transcribing agency |
UtOrBLW |
| 050 #4 - LIBRARY OF CONGRESS CALL NUMBER |
| Classification number |
HB139 |
| Item number |
.E26 2008 |
| 072 #7 - SUBJECT CATEGORY CODE |
| Subject category code |
KCH |
| Source |
bicssc |
| 072 #7 - SUBJECT CATEGORY CODE |
| Subject category code |
ECO |
| Source |
bicssc |
| 072 #7 - SUBJECT CATEGORY CODE |
| Subject category code |
BUS021000 |
| Source |
bisacsh |
| 072 #7 - SUBJECT CATEGORY CODE |
| Subject category code |
BUS086000 |
| Source |
bisacsh |
| 080 ## - UNIVERSAL DECIMAL CLASSIFICATION NUMBER |
| Universal Decimal Classification number |
330.43 |
| 082 04 - DEWEY DECIMAL CLASSIFICATION NUMBER |
| Classification number |
330.015195 |
| Edition number |
22 |
| 245 00 - TITLE STATEMENT |
| Title |
Econometrics and risk management |
| Medium |
[electronic resource] / |
| Statement of responsibility, etc. |
edited by Jean-Pierre Fouque, Thomas B. Fomby, Knut Solna. |
| 260 ## - PUBLICATION, DISTRIBUTION, ETC. |
| Place of publication, distribution, etc. |
Bingley, U.K. : |
| Name of publisher, distributor, etc. |
Emerald, |
| Date of publication, distribution, etc. |
2008. |
| 300 ## - PHYSICAL DESCRIPTION |
| Extent |
1 online resource (viii, 291 p.). |
| 490 1# - SERIES STATEMENT |
| Series statement |
Advances in econometrics, |
| International Standard Serial Number |
0731-9053 ; |
| Volume/sequential designation |
v. 22 |
| 505 0# - FORMATTED CONTENTS NOTE |
| Formatted contents note |
Fast solution of the Gaussian copula model / Bjorn Flesaker -- Perturbed Gaussian copula / Jean-Pierre Fouque, Xianwen Zhou -- The determinants of default correlations / Kanak Patel, Ricardo Pereira -- An empirical study of pricing and hedging collateralized debt obligation (CDO) / Lijuan Cao, Zhang Jingqing, Lim Kian Guan, Zhonghui Zhao -- Data mining procedures in generalized Cox regressions / Zhen Wei -- Jump diffusion in credit barrier modeling : a partial integro-differential equation approach / Jingyi Zhu -- Bond markets with stochastic volatility / Rafael DeSantiago, Jean-Pierre Fouque, Knut Solna -- Two-dimensional Markovian model for dynamics of aggregate credit loss / Andrei V. Lopatin, Timur Misirpashaev -- Credit derivatives and risk aversion / Tim Leung, Ronnie Sircar, Thaleia Zariphopoulou -- The skewed t / Wenbo Hu, Alec N. Kercheval -- Credit risk dependence modeling with dynamic copula : an application to CDO tranches / Daniel Totouom, Margaret Armstrong -- Introduction / Jean-Pierre Fouque, Thomas B. Fomby, Knut Solna. |
| 520 ## - SUMMARY, ETC. |
| Summary, etc. |
The main theme of this volume is credit risk and credit derivatives. Recent developments in financial markets show that appropriate modeling and quantification of credit risk is fundamental in the context of modern complex structured financial products. The reader will find several points of view on credit risk when looked at from the perspective of Econometrics and Financial Mathematics. The volume consists of eleven contributions by both practitioners and theoreticians with expertise in financial markets, in general, and econometrics and mathematical finance in particular. The challenge of modeling defaults and their correlations is addressed, and new results on copula, reduced form and structural models, and the top-down approach are presented. After the so-called subprime crisis that hit global markets in the summer of 2007, the volume is very timely and will be useful to researchers in the area of credit risk. |
| 588 0# - SOURCE OF DESCRIPTION NOTE |
| Source of description note |
Print version record |
| 650 #7 - SUBJECT ADDED ENTRY--TOPICAL TERM |
| Topical term or geographic name entry element |
Business & Economics |
| General subdivision |
Econometrics. |
| Source of heading or term |
bisacsh |
| 650 #7 - SUBJECT ADDED ENTRY--TOPICAL TERM |
| Topical term or geographic name entry element |
Business & Economics |
| General subdivision |
Forecasting. |
| Source of heading or term |
bisacsh |
| 650 #7 - SUBJECT ADDED ENTRY--TOPICAL TERM |
| Topical term or geographic name entry element |
Econometrics. |
| Source of heading or term |
bicssc |
| 650 #0 - SUBJECT ADDED ENTRY--TOPICAL TERM |
| Topical term or geographic name entry element |
Econometrics. |
| 700 1# - ADDED ENTRY--PERSONAL NAME |
| Personal name |
Fomby, Thomas. |
| 700 1# - ADDED ENTRY--PERSONAL NAME |
| Personal name |
Fouque, Jean-Pierre. |
| 700 1# - ADDED ENTRY--PERSONAL NAME |
| Personal name |
Solna, Knut. |
| 776 1# - ADDITIONAL PHYSICAL FORM ENTRY |
| International Standard Book Number |
9781848551961 |
| 830 #0 - SERIES ADDED ENTRY--UNIFORM TITLE |
| Uniform title |
Advances in econometrics ; |
| Volume/sequential designation |
v. 22. |
| 856 40 - ELECTRONIC LOCATION AND ACCESS |
| Uniform Resource Identifier |
<a href="https://www.emerald.com/insight/publication/doi/10.1016/S0731-9053(2008)22">https://www.emerald.com/insight/publication/doi/10.1016/S0731-9053(2008)22</a> |
| 913 ## - |
| -- |
BMEbacklist |